000 00327nam a2200121Ia 4500
008 220901s9999||||xx |||||||||||||| ||und||
082 _a530 MUR
100 _aMurthy, E. N.
245 4 _aThe IUP journal of physics
250 _aVol. 1 (4) and 2 (1, 2 &3)
260 _bICFAI University Press
_c2008 & 2009
650 _aPhysics
999 _c194010
_d194010